| 000 | 01495nam a2200385 i 4500 | ||
|---|---|---|---|
| 001 | 768714001 | ||
| 003 | CO-MdFUSB | ||
| 005 | 20260327154949.0 | ||
| 007 | ta | ||
| 008 | 240922t2001 -usab||| b||| 001 0 eng d | ||
| 020 | _a0060616334 | ||
| 040 |
_bspa. _aCO-MdFUSB _cCO-MdFUSB _dCO-MdFUSBC _erda |
||
| 041 | _aeng | ||
| 082 |
_223 _a232.908 _bC951 |
||
| 100 | 1 |
_aCrossan, John Dominic _d1934- _eautor |
|
| 245 | 1 |
_aExcavating Jesus : _bBeneath the Stones, Behind the Texts _c/ John Dominic Crossan , Jonathan L. Reed. |
|
| 264 | 1 |
_aSan Francisco : _bHarper San Francisco, _c[2001] |
|
| 264 | 4 | _c©2001 | |
| 300 |
_a298 páginas _bilustraciones, mapas en blanco y negro _c; 22 cm. |
||
| 336 |
_2rdacontent _atexto _btxt |
||
| 337 |
_2rdamedia _asin mediación _bn |
||
| 338 |
_2rdacarrier _avolumen _bnc |
||
| 500 | _aIncluye índice, mapa de Palestina, lista de ilustraciones | ||
| 505 | _aCapas sobre capas sobre capas. -- Cómo construir un reino. -- Poniendo a Jesús en su lugar. -- La resistencia judía a la dominación romana. -- Belleza y ambigüedad en Jerusalén. -- Cómo enterrar a un rey. | ||
| 563 | _aTapa dura | ||
| 650 | 0 |
_aBiblia _916 |
|
| 650 | 7 |
_aArqueología bíblica _2embne _92124 |
|
| 653 | _aJesús histórico | ||
| 653 | _aJudaísmo — Historia — Época romana | ||
| 653 | _aNuevo Testamento — Contexto histórico | ||
| 700 |
_aReed, Jonathan L. _910737 _eautor |
||
| 942 | _cBK | ||
| 945 | _aCatherine Arias Alvarez | ||
| 999 |
_c70958 _d70958 |
||